[Event "RSA-chT U12"]
[Site "Cape Town"]
[Date "2016.01.07"]
[Round "7.5"]
[White "Scheepers, Jonathan"]
[Black "Bedesi, Tahil Tiresh"]
[Result "0-1"]
[WhiteElo "1110"]
[BlackElo "1325"]
[PlyCount "90"]
[EventDate "2016.01.04"]
[EventType "team-tourn"]
[EventRounds "7"]
[EventCountry "RSA"]
[SourceTitle "CBM 170 Extra"]
[Source "ChessBase"]
[SourceDate "2016.02.25"]
[SourceVersion "1"]
[SourceVersionDate "2016.02.25"]
[SourceQuality "1"]
[WhiteTeam "Nelson Mandela Bay"]
[BlackTeam "Tshwane"]
[WhiteTeamCountry "RSA"]
[BlackTeamCountry "RSA"]

1. d4 Nf6 2. Nc3 g6 3. e4 d6 4. Bf4 Bg7 5. Nf3 Bg4 6. Be2 Nh5 7. Be3 Nd7 8. h3 Bxf3 9. Bxf3 Nhf6 10. Qd2 h5 11. 0-0 0-0 12. Rfe1 e5 13. d5 Nh7 14. Rab1 f5 15. exf5 gxf5 16. Qd1 f4 17. Bd2 h4 18. a3 Ng5 19. Ne4 Nxe4 20. Bxe4 Nf6 21. Bf3 Re8 22. Qc1 Bh6 23. c4 Re7 24. Kf1 Qd7 25. Qc2 Kg7 26. Be4 b5 27. b3 Rf8 28. Bf5 Qe8 29. Bd3 e4 30. Be2 e3 31. fxe3 fxe3 32. Bc3 Kg8 33. Kg1 Ne4 34. Rf1 Rf2 35. Be1 Qf7 36. Bxf2 exf2+ 37. Kh1 Ng3+ 38. Kh2 Rxe2 39. Qd3 Nxf1+ 40. Rxf1 Re1 41. cxb5 Qf4+ 42. Kh1 Rxf1+ 43. Qxf1 Qc1 44. Qxc1 Bxc1 45. a4 f1Q+ 0-1